| 000 | 00454nam a2200181Ia 4500 | ||
|---|---|---|---|
| 001 | 13020 | ||
| 005 | 20260306163023.0 | ||
| 008 | 260306t2001||||xx |||||||||||||| ||spa|| | ||
| 041 | _aESP | ||
| 082 |
_aRD 657.03 _bL87 |
||
| 100 |
_aLópez López, José Isauro _eAUT |
||
| 245 | 0 | _aDiccionario contable, administrativo y fiscal | |
| 260 | _c2001 | ||
| 300 |
_a350 páginas : _c22 cm. |
||
| 650 | _aGEN | ||
| 654 | _aCCO | ||
| 942 |
_cDIC _dJUS _fJUS _2ddc _n |
||
| 999 |
_c13020 _d13020 |
||